| 000 | 01052nam a22003850a 4500 | ||
|---|---|---|---|
| 001 | PT45685 | ||
| 003 | AR-LpoUNG | ||
| 005 | 20210131231100.0 | ||
| 008 | 191001s2008||||ag |||||||||||||||||spa d | ||
| 020 |
_a9789508631138 _c$37 |
||
| 040 |
_aAR-LpoUNG _bspa _cAR-LpoUNG _eaacr |
||
| 041 | _aspa | ||
| 044 | _aag | ||
| 082 | 0 | _a982.13 696pob | |
| 100 | 1 |
_aRodríguez, Ana María _eed. |
|
| 245 | 1 | 0 |
_aPor poblados, parajes y colonias en la Pampa Central : _bla memoria del padre inspector José Vespignani |
| 250 | _a1§ ed. | ||
| 260 |
_aSanta Rosa : _bUniversidad Nacional de La Pampa, _c2008. |
||
| 300 |
_a189 p. : _btbls., fot. |
||
| 650 | 4 | _aARGENTINA | |
| 650 | 4 | _aAUTORES | |
| 650 | 4 | _aBIOGRAFIAS | |
| 650 | 4 | _aCLERO | |
| 650 | 4 | _aHISTORIA SOCIAL | |
| 650 | 4 | _aIGLESIA CATOLICA | |
| 650 | 4 | _aTRADUCCION | |
| 650 | 4 | _aTRADUCTORES | |
| 651 | 4 | _aArgentina | |
| 653 | _aEVANGELIZACION | ||
| 653 | _aHISTORIA REGIONAL | ||
| 653 | _aLA PAMPA | ||
| 700 | 1 |
_aMinetto, José Francisco _eed. |
|
| 905 | _a45685 | ||
| 942 | _cLIB | ||
| 999 |
_c7905 _d7905 |
||